|
|
|
|
| LEADER |
00000naa2a2200000 4500 |
| 001 |
148710 |
| 005 |
20231031145549.0 |
| 035 |
|
|
|a (RuTPU)RU\TPU\book\161240
|
| 090 |
|
|
|a 148710
|
| 100 |
|
|
|a 20081206d2008 k y0rusy50 ca
|
| 101 |
0 |
|
|a rus
|
| 102 |
|
|
|a RU
|
| 200 |
1 |
|
|a Влияние длительности импульсов на геометрию шва при сварке с импульсным питанием дуги в среде CO2
|f А. В. Верёвкин, А. Ф. Князьков, Д. С. Евдокимов
|g науч. рук. А. Ф. Князьков
|
| 320 |
|
|
|a Библиогр.: 1 назв.
|
| 461 |
|
1 |
|0 (RuTPU)RU\TPU\book\156858
|t Современные техника и технологии
|o 14 Международная научно-практическая конференция студентов, аспирантов и молодых ученых, г. Томск, 24-28 марта 2008 г.
|o труды
|o в 3 т.
|f Томский политехнический университет (ТПУ)
|d 2008
|
| 463 |
|
0 |
|0 (RuTPU)RU\TPU\book\155176
|t Т. 1
|v С. 254-256
|d 2008
|p 538 с.
|
| 610 |
1 |
|
|a импульсы
|
| 610 |
1 |
|
|a сварка
|
| 610 |
1 |
|
|a сварные швы
|
| 610 |
1 |
|
|a импульсная сварка
|
| 610 |
1 |
|
|a импульсное питание
|
| 610 |
1 |
|
|a питание дуги
|
| 610 |
1 |
|
|a труды учёных ТПУ
|
| 700 |
|
1 |
|a Верёвкин
|b А. В.
|c специалист в области нефтегазового дела
|c доцент Томского политехнического университета, кандидат технических наук
|f 1978-
|g Алексей Валерьевич
|2 stltpush
|3 (RuTPU)RU\TPU\pers\31752
|
| 701 |
|
1 |
|a Князьков
|b А. Ф.
|c специалист в области сварки
|c доцент Института неразрушающего контроля Томского политехнического университета
|c доцент Юргинского технологического института (филиала) Томского политехнического университета
|f 1939-
|g Анатолий Фёдорович
|2 stltpush
|3 (RuTPU)RU\TPU\pers\27411
|
| 701 |
|
1 |
|a Евдокимов
|b Д. С.
|
| 702 |
|
1 |
|a Князьков
|b А. Ф.
|4 727
|
| 801 |
|
1 |
|a RU
|b 63413507
|c 20081206
|g PSBO
|
| 801 |
|
2 |
|a RU
|b 63413507
|c 20150615
|g RCR
|
| 942 |
|
|
|c BK
|